书目信息 |
| 题名: |
母亲
|
|
| 作者: | 高尔基 著 ;张玫玫 , 耿雨 译 | |
| 分册: | ||
| 出版信息: | 长春 吉林出版集团股份有限公司 2019.01 |
|
| 页数: | 427页 | |
| 开本: | 24cm | |
| 丛书名: | 英语大书虫世界经典名译典藏书系 | |
| 单 册: | ||
| 中图分类: | H319.4 | |
| 科图分类: | ||
| 主题词: | 英语--ying yu--汉语--对照读物 , 长篇小说--chang pian xiao shuo--俄罗斯--现代 | |
| 电子资源: | ||
| ISBN: | 978-7-5581-4315-1 | |
| 000 | 01338nam 2200337 450 | |
| 001 | 202019135830 | |
| 005 | 20191026133320.0 | |
| 010 | @a978-7-5581-4315-1@dCNY39.80 | |
| 100 | @a20191015d2019 em y0chiy50 ea | |
| 101 | 1 | @achi@aeng@crus |
| 102 | @aCN@b220000 | |
| 105 | @ay z 000ay | |
| 106 | @ar | |
| 200 | 1 | @a母亲@Amu qin@f(苏) 高尔基著@g张玫玫, 耿雨译 |
| 205 | @a第2版 | |
| 210 | @a长春@c吉林出版集团股份有限公司@d2019.01 | |
| 215 | @a427页@d24cm | |
| 225 | 2 | @a英语大书虫世界经典名译典藏书系@Aying yu da shu chong shi jie jing dian ming yi dian cang shu xi |
| 300 | @a英汉对照 | |
| 312 | @a英文题名取自封面 | |
| 330 | @a《母亲》是高尔基的名篇之一, 标志着高尔基在思想和艺术上的成熟。本小说取材于高尔基的家乡, 以真实的人物和事件为素材, 塑造了尼洛夫娜这位有血有肉的、不断觉醒的母亲形象。儿子受到工人拥戴时, 母亲欣喜 ; 儿子被警察带走时, 母亲忧愁 ; 儿子追求真理时, 母亲追随。 | |
| 410 | 0 | @12001 @a英语大书虫世界经典名译典藏书系 |
| 510 | 1 | @aMother@zeng |
| 606 | 0 | @a英语@Aying yu@x汉语@j对照读物 |
| 606 | 0 | @a长篇小说@Achang pian xiao shuo@y俄罗斯@z现代 |
| 690 | @aH319.4@v5 | |
| 701 | 1 | @a高尔基@Agao er ji@g(Горький, Максим),@f1868-1936@4著 |
| 702 | 0 | @a张玫玫@Azhang mei mei@4译 |
| 702 | 0 | @a耿雨@Ageng yu@4译 |
| 801 | 0 | @aCN@c20190905 |
| 905 | @a河南城建学院图书馆@dH319.4@eG122=2 | |
| 母亲/(苏) 高尔基著/张玫玫, 耿雨译.-第2版.-长春:吉林出版集团股份有限公司,2019.01 |
| 427页;24cm.-(英语大书虫世界经典名译典藏书系) |
| 英汉对照 |
| ISBN 978-7-5581-4315-1:CNY39.80 |
| 《母亲》是高尔基的名篇之一, 标志着高尔基在思想和艺术上的成熟。本小说取材于高尔基的家乡, 以真实的人物和事件为素材, 塑造了尼洛夫娜这位有血有肉的、不断觉醒的母亲形象。儿子受到工人拥戴时, 母亲欣喜 ; 儿子被警察带走时, 母亲忧愁 ; 儿子追求真理时, 母亲追随。 |
| ● |
| 相关链接 |
|
|
|
正题名:母亲
索取号:H319.4/G122=2
 
预约/预借
| 序号 | 登录号 | 条形码 | 馆藏地/架位号 | 状态 | 备注 |
| 1 | 1444811 | 214448114 | 语言库209/209语言库 15排1列6层/ [索取号:H319.4/G122=2] | 在馆 | |
| 2 | 1444812 | 214448123 | 语言库209/209语言库 15排1列6层/ [索取号:H319.4/G122=2] | 在馆 |